|
|
|
|
| LEADER |
00000nam a2200000 a 4500 |
| 001 |
vtls001475639 |
| 003 |
SK-MaSNL |
| 005 |
20260301122109.0 |
| 008 |
251029s1999 au ael g 00000 ger |
| 020 |
|
|
|a 3854371691
|q (brož.)
|
| 035 |
|
|
|a SNK000430940
|
| 040 |
|
|
|a SNK
|b slo
|c SNK
|e AACR2
|
| 041 |
0 |
|
|a ger
|
| 043 |
|
|
|a ec-----
|
| 044 |
|
|
|a au
|c AT
|
| 072 |
|
7 |
|a 71
|x Územné plánovanie. Urbanizmus. Pamiatková starostlivosť
|2 konspekt
|
| 080 |
|
|
|a 332.14
|2 MDT-MRF
|
| 080 |
|
|
|a (4-191.2)
|2 MDT-MRF
|
| 080 |
|
|
|a 711.4
|2 MDT-MRF
|
| 080 |
|
|
|a 71
|2 MDT-MRF
|
| 080 |
|
|
|a (048.8)
|2 MDT-MRF
|
| 245 |
0 |
0 |
|a Mitteleuropäische Städte am Weg ins 21. Jahrhundert
|c [Herausgeber: Andreas Woigt, Hans Peter Walchhofer]
|
| 260 |
|
|
|a Wien
|b Österreichischer Kunst- und Kulturverlag
|c c1999
|
| 300 |
|
|
|a 97 s.
|b ilustr., pl.
|c 30 cm
|
| 490 |
1 |
|
|a Schriftenreihe / IFOER, Institut für Örtliche Raumplanung, Technische Universität Wien
|v 2
|
| 650 |
0 |
7 |
|a mestá
|y 21. stor.
|2 SNKPH
|9 81389
|
| 650 |
0 |
7 |
|a regionálna politika
|z Európa stredná
|2 SNKPH
|9 467169
|
| 650 |
0 |
7 |
|a mesta
|z Európa stredná
|2 SNKPH
|9 467170
|
| 650 |
0 |
7 |
|a územné plánovanie
|z Európa stredná
|2 SNKPH
|9 467171
|
| 655 |
|
7 |
|a štúdie
|2 SNKPH
|9 57033
|
| 700 |
1 |
|
|a Voigt, Andreas
|4 edt
|4 red
|9 467172
|
| 700 |
1 |
|
|a Walchhofer, Hans Peter
|4 edt
|4 red
|9 467173
|
| 830 |
|
0 |
|a Schriftenreihe / IFOER, Institut für Örtliche Raumplanung, Technische Universität Wien
|9 467174
|
| 919 |
|
|
|a 3-85437-169-1
|
| 999 |
|
|
|c 731639
|d 733569
|
| 952 |
|
|
|t P60, <04>, [BOOK], {604}, -K-
|a SNK
|b SNK
|y VYP
|7 0
|p 17A0438946
|o snkIB 70719
|i snkV 1114/2004
|8 2
|g 20.22
|0 0
|1 0
|4 0
|d 2004-05-28
|l 0
|r 2005-01-02 00:00:00
|w 2026-02-23
|